Lana Del Rey - The greatest Lyrics - Statistics

General Stats
  • This quiz has been taken 106 times
  • The average score is 201 of 237
Answer Stats
Answer % Correct
a
100%
I
100%
the
100%
The
100%
all
97%
greatest
97%
and
95%
And
95%
'n'
95%
of
95%
had
94%
I'm
94%
We
94%
we
94%
where
94%
you
94%
it
92%
on
92%
before
91%
miss
91%
Miss
91%
that
91%
know
89%
them
89%
was
89%
Beach
88%
is
88%
just
88%
L.A.
88%
were
88%
didn't
86%
fire
86%
get
86%
most
86%
Don't
85%
up
85%
with
85%
babe
83%
couldn't
83%
go
83%
higher
83%
Long
83%
wake
83%
fall
82%
leave
82%
loss
82%
need
82%
nights
82%
after
80%
ball
80%
Boys
80%
call
80%
last
80%
this
80%
would
80%
But
79%
dancing
79%
if
79%
If
79%
lit
79%
Those
79%
culture
77%
my
77%
nobody
77%
guess
76%
in
76%
New
76%
off
76%
to
76%
York
76%
bar
74%
stop
74%
wasted
74%
Me
73%
rock
73%
roll
73%
signing
73%
want
73%
When
73%
Kanye
71%
West
71%
baby
70%
doing
70%
it's
70%
like
70%
out
70%
flames
68%
music
68%
burned
67%
facing
67%
song
67%
friends
65%
"Life
65%
blond
64%
Dennis'
64%
gone
64%
hot
64%
nothin'
64%
ain't
62%
used
62%
warns
62%
getting
61%
Mars?"
61%
feel
59%
live
59%
Oh
59%
almost
58%
stream's
56%
Kokomo
53%
missed
52%
fireball
48%
Hawaii
44%
shit
41%
No matching quizzes found
Score Distribution
Percent of People with Each Score
Percentile by Number Answered
Your Score History
You have not taken this quiz